Statistiques concernant Formes de pays sous l'océan

Cliquez ici pour prendre le quiz!

Statistiques générales

  • Ce quiz a été pris 8 970 fois
  • Le résultat moyen est 9 sur 12

Réponses sur la Carte

Les réponses sont colorées sur une échelle allant du rouge au vert en fonction du pourcentage des utilisateurs qui les ont devinées à leur premier essai. Vous pouvez retrouver ces pourcentages ci-dessous.
 

Statistiques - réponses

Réponse% Correct
Norvège
86%
Mali
85%
Maroc
85%
Autriche
82%
Viêt Nam
81%
Mongolie
72%
Papouasie-Nouvelle-Guinée
72%
Pérou
64%
Algérie
59%
Panama
58%
Portugal
57%
Iran
50%

Distribution des résultats

Percentile par nombre de réponses

% des personnes avec chaque résultat

Votre développement - résultats

Vous n’avez pas pris ce quiz